Music Quiz

Random Music or Song Quiz

Events listed in We Didn't Start the Fire Quiz Stats

 Plays Quiz not verified by Sporcle

Score 0/124 Timer 15:00
0 Plays Today
Hint Answer % Correct
1963What else do I have to say?
100%
1964-1989 (4)I can't take it anymore!
100%
100%
1950Marilyn Monroe
80.8%
1950Television
78.8%
1949Doris Day
76.9%
1949Red China
76.9%
1950North Korea
76.9%
1950South Korea
76.9%
1949Harry Truman
75%
1950Richard Nixon
75%
1950Studebaker
71.2%
1963JFK Blown Away
71.2%
1949Johnnie Ray
69.2%
1952England's got a new queen
69.2%
1961Berlin
69.2%
1952Eisenhower
67.3%
1952Vaccine
67.3%
1956Trouble in the Suez
67.3%
1949Joe DiMaggio
65.4%
1951Rosenbergs
65.4%
1951H-Bomb
65.4%
1954Rock Around the Clock
65.4%
1955Brooklyn's got a winning team
65.4%
1950Joe McCarthy
63.5%
1953Communist Bloc
63.5%
1954Dien Bien Phu Falls
63.5%
1959Ben Hur
63.5%
1959Buddy Holly
61.5%
1959Space Monkey
61.5%
1959Mafia
61.5%
1959Castro
61.5%
1960Belgians in the Congo
61.5%
1949South Pacific
57.7%
1949Walter Winchell
57.7%
1951The King and I
57.7%
1953Campanella
57.7%
1955Elvis Presley
57.7%
1956Khrushchev
57.7%
1959Hula Hoops
57.7%
1951(and) The Catcher in the Rye
55.8%
1955Einstein
55.8%
Hint Answer % Correct
1955James Dean
55.8%
1955Peter Pan
55.8%
1955Disneyland
55.8%
1957Bridge on the River Kwai
55.8%
1964-1989 (4)Rock and roller cola wars
55.8%
1951Panmunjom
53.8%
1952Liberace
53.8%
1953Nasser
53.8%
1956Alabama
53.8%
1957Sputnik
53.8%
1958Children of Thalidomide
53.8%
1963British Politician Sex
53.8%
1964-1989 (2)Terror on the Airline
53.8%
1964-1989 (4)China's under martial law
53.8%
1951Sugar Ray
51.9%
1951Brando
51.9%
1953(and) Prokofiev
51.9%
1957Kerouac
51.9%
1964-1989 (2)Palestine
51.9%
1952Santayana goodbye
50%
1957Mickey Mantle
50%
1964-1989 (2)Ayatollah's in Iran
50%
1964-1989 (3)Sally Ride
50%
1956Budapest
48.1%
1958Lebanon
48.1%
1960Chubby Checker
48.1%
1960Psycho
48.1%
1964-1989 (1)Ho Chi Minh
48.1%
1952Marciano
46.2%
1953Joseph Stalin
46.2%
1954Juan Peron
46.2%
1957Chou En-Lai
46.2%
1961Bay of Pigs Invasion
46.2%
1962Lawrence of Arabia
46.2%
1962British Beatle-mania
46.2%
1953Malenkov
44.2%
1953Rockefeller
44.2%
1954Roy Cohn
44.2%
1954Dacron
44.2%
1955Davy Crocket
44.2%
1957Little Rock
44.2%
1959Edsel is a no-go
44.2%
Hint Answer % Correct
1960(and) Kennedy
44.2%
1954Toscanini
42.3%
1956Bardot
40.4%
1958California baseball
40.4%
1960U-2
40.4%
1963Pope Paul
40.4%
1963Malcolm X
40.4%
1964-1989 (3)Wheel of Fortune
40.4%
1956Princess Grace
38.5%
1960Payola
38.5%
1961Stranger in a Strange Land
38.5%
1964-1989 (1)Richard Nixon back again
38.5%
1964-1989 (2)Reagan
38.5%
1960Syngman Rhee
36.5%
1961Dylan
36.5%
1964-1989 (1)Moonshot
36.5%
1964-1989 (3)Heavy Metal
36.5%
1964-1989 (3)Suicide
36.5%
1964-1989 (3)AIDS
36.5%
1964-1989 (4)Hypodermics on the shores
36.5%
1956Peyton Place
34.6%
1957Pasternak
34.6%
1958Charles de Gaulle
34.6%
1958Starkweather
34.6%
1958Homicide
34.6%
1962Ole Miss
34.6%
1964-1989 (1)Punk Rock
34.6%
1964-1989 (2)Russians in Afghanistan
34.6%
1964-1989 (3)Crack
34.6%
1964-1989 (3)Bernie Goetz
34.6%
1961Eichmann
32.7%
1962John Glenn
32.7%
1964-1989 (1)Watergate
32.7%
1964-1989 (1)Woodstock
32.7%
1964-1989 (2)Begin
32.7%
1964-1989 (3)Homeless Vets
32.7%
1961Hemingway
30.8%
1962Liston beats Patterson
30.8%
1964-1989 (3)Foreign Debts
26.9%
1964-1989 (1)Birth Control
21.2%

You're not logged in!

Compare scores with friends on all Sporcle quizzes.
Join for Free
OR
Log In

You Might Also Like...

Show Comments

Extras

Top Quizzes Today


Score Distribution

Your Account Isn't Verified!

In order to create a playlist on Sporcle, you need to verify the email address you used during registration. Go to your Sporcle Settings to finish the process.

Report this User

Report this user for behavior that violates our Community Guidelines.

Details: